000 01007nam a2200253Ia 4500
003 OSt
005 20221002050449.0
006 a|||||r|||| 00| 0
007 ta
008 220930b |||||||| |||| 00| 0 san d
020 _c300
024 _a2004
037 _b324, 15/12/2012, Eastern Book Linkers
_cReference Collections
040 _aCRL
_cCRL
_bsan
041 _2san
_asan
082 _aO15v, 152N6.1-.17(RR)
100 _aउपाध्याय, बलदेव, संपा.
245 0 _aसंस्कृत वाड़्.मय का बृहद् इतिहास
260 _aलखनऊ
_b उत्तर प्रदेश संस्कृत भारत भारत
_c1996
490 _vभाग 11
650 _aसंस्कृत साहित्य
942 _hO15v, 152N6.1-.17(RR)
_cref
_2CC
999 _c914640
_d914640